000 00518nam a2200193 a 4500
001 1769060271036
003 YourLibrary
005 20260122110927.0
008 260122s2003##################000#0#eng##
020 _a9781843107415
082 0 4 _a618.92898
_bHOL
100 1 _aHolland, Olga,
_eauthor.
245 1 0 _aThe Dragons of Autism :
260 _bJessica Kingsley Publishers,
_c2003.
300 _a203 pages
650 0 _aFamily & Relationships.
942 _cENGLISH
040 _aYourLibrary
_beng
_cYourLibrary
999 _c608879
_d608879